| 000 | 01020cam a2200217 a 4500 | ||
|---|---|---|---|
| 020 | _a0821318594 (v. 1) | ||
| 020 | _a0821318608 (v. 2) | ||
| 020 | _a0821318616 (v. 3) | ||
| 082 | 0 | 0 |
_a625.76 _bSUB |
| 245 | 0 | 4 |
_aThe Road Maintenance Initiative : _bbuilding capacity for policy reform. |
| 260 |
_aWashington, D.C. : _bWorld Bank, _cc1991. |
||
| 300 |
_a3 v. : _bill. ; _c28 cm. |
||
| 500 | _aAt head of title: Sub-Saharan Africa Transport Program. | ||
| 505 | 0 | _av. 1. Report on the policy seminars / Steve Carapetis, HernĂ¡n Levy, Terje Wolden -- v. 2. Readings and case studies -- v. 3. Guidelines for policy action planning / Carl Duisberg Gesellschaft. | |
| 526 |
_a0 _b0 _c0 _d625_760000000000000_SUB |
||
| 650 | 0 |
_aMCE _9379 |
|
| 650 | 0 |
_aRoads _xMaintenance and repair _xEconomic aspects _zAfrica, Sub-Saharan _xCongresses. |
|
| 650 | 0 |
_aRoads _xMaintenance and repair _xGovernment policy _zAfrica, Sub-Saharan _xCongresses. _943751 |
|
| 710 | 2 | _aSub-Saharan Africa Transport Program (World Bank) | |
| 942 |
_2ddc _cBK |
||
| 999 |
_c547574 _d547574 |
||